[Event "Poikovsky Karpov 03rd"]
[Site "Poikovsky"]
[Date "2002.04.21"]
[Round "6"]
[White "Dreev, Alexey"]
[Black "Vaganian, Rafael A"]
[Result "1/2-1/2"]
[WhiteElo "2677"]
[BlackElo "2664"]
[Annotator "Dautov,R"]
[PlyCount "116"]
[EventDate "2002.04.16"]
[EventType "tourn"]
[EventRounds "9"]
[EventCountry "RUS"]
[EventCategory "16"]
[SourceTitle "CBM 089"]
[Source "ChessBase"]
[SourceDate "2002.08.12"]
[SourceVersion "1"]
[SourceVersionDate "2002.08.12"]
[SourceQuality "1"]

1. d4 d5 2. c4 e6 3. Nc3 Be7 4. cxd5 exd5 5. Bf4 c6 6. Qc2 Bd6 7. Bxd6 ({
Mehr verbreitet ist} 7. Bg3 Ne7 8. e3 Bf5 9. Qb3 {Tauscht Schwarz irgendwann
auf g3, kann Weiß die halboffene h-Linie nützen.}) 7... Qxd6 8. e3 Qg6 9. Qd2
Ne7 10. Nge2 Qd6 $146 {Der Zweck dieser Neuerung ist den Bc8 gegen den weißen
Springer zu tauschen.} (10... O-O 11. Ng3 Qd6 (11... Nd7 12. Bd3 Qh6 13. O-O
Nf6 14. b4 $14 {Azmaiparashvili,Z-Gomez Esteban,J/Toledo 1991}) 12. Bd3 Be6 13.
O-O Nd7 14. Rad1 f5 15. Nh5 Bf7 16. Nf4 Nf6 17. f3 g5 18. Nh3 h6 19. Bb1 Rae8
20. Nf2 Be6 21. e4 Nh5 22. e5 Qd7 23. g3 Kf7 24. b4 $16 {Azmaiparashvili,
Z-Petrosian,A/Yerevan 1989}) ({In Frage kam} 10... Qf6 $5 {, mit der gleichen
Idee, wobei der schwarze Springer das schöne Feld d6 bekäme:} 11. Ng3 Bf5 12.
Nxf5 Nxf5 13. Bd3 Nd6) 11. Ng3 Bf5 $1 12. Nxf5 (12. Bd3 Bxd3 13. Qxd3 Nd7 $11)
12... Nxf5 13. Bd3 Ne7 14. b4 a6 15. Na4 $14 O-O 16. O-O f5 17. Qc3 (17. Nc5 b6
18. Nb3 Nd7 19. a4 $14) 17... Nd7 18. Nc5 Nxc5 19. Qxc5 ({Oder} 19. bxc5 Qd7
20. Rab1 Rac8 21. Rb4 Rc7 22. Rfb1 Rf7 23. Qb2 Ng6 $14 {, und Schwarz ist
imstande seine einzige Schwäche b7 zu verteidigen.}) 19... Qd7 (19... Qxc5 20.
bxc5 $14 {Im Endspiel hätte Dreev mehr Chancen, seinen Vorteil zu vergrößern 
(Ideen f3,e4 oder h3, g4).}) 20. a4 Rac8 21. Rfd1 f4 {Vaganian strebt nach
Gegenspiel, überläßt aber dabei dem Gegner die offene e-Linie.} 22. exf4 Rxf4
23. g3 Rf6 24. Qc2 Rcf8 25. Rf1 h5 (25... Qh3 26. Rae1 Nf5 27. Bxf5 Rxf5 28.
Re7 $14) 26. Rae1 Nf5 27. Bxf5 Qxf5 {Im entstehenden Turmendspiel wird Schwarz
sehr lange gequält, kann aber letztendlich die Stellung halten.} ({
Chancenreicher für ihn war m.E.} 27... Rxf5 28. f4 h4 29. Re5 $14) 28. Qxf5
Rxf5 29. f4 h4 30. Re6 (30. a5 $5 hxg3 31. hxg3 g5 32. Re5 $14) 30... hxg3 31.
hxg3 R5f6 32. Re5 a5 $1 33. bxa5 Ra8 34. Rb1 Rf7 35. Kf2 g6 36. Kf3 Rxa5 37.
Rb4 Ra8 38. Kg4 Kg7 39. Kg5 Rd8 40. Rb3 Rd6 41. a5 Rdf6 42. Rbe3 Rf5+ 43. Rxf5
Rxf5+ 44. Kg4 Rf7 45. Re6 Kh7 46. Re5 Kh6 47. Kh4 Rd7 48. Re6 Rf7 49. Kg4 Kh7
50. Kf3 Rc7 51. Ke3 Kg7 52. Kd3 Kf7 53. Re1 Rc8 54. Kc3 Ra8 55. Kb4 Ra6 56. g4
Ra8 57. g5 Ra6 58. Re5 Ra8 1/2-1/2

[Event "USA-ch"]
[Site "Seattle"]
[Date "2002.01.05"]
[Round "1"]
[White "Yermolinsky, Alex"]
[Black "Kaliksteyn, Alexander"]
[Result "1-0"]
[WhiteElo "2574"]
[BlackElo "2378"]
[Annotator "Dautov,R"]
[PlyCount "31"]
[EventDate "2002.01.05"]
[EventType "swiss"]
[EventRounds "9"]
[EventCountry "USA"]
[SourceTitle "CBM 087"]
[Source "ChessBase"]
[SourceDate "2002.03.21"]
[SourceVersion "1"]
[SourceVersionDate "2002.03.21"]
[SourceQuality "1"]

1. d4 d5 2. c4 e6 3. Nc3 c6 4. e4 dxe4 5. Nxe4 Bb4+ 6. Bd2 Qxd4 7. Bxb4 Qxe4+
8. Be2 Ne7 9. Nf3 ({Eine gute Alternative ist} 9. Qd2) 9... Nd5 {Die Idee des
8.Zuges von Schwarz wird deutlich- der Springer strebt nach f4.} 10. Nd2 $1 {
Ein wichtiger Zwischenzug.} ({Günstig für Schwarz ist} 10. Ba3 Nf4 11. O-O
Nxe2+ 12. Kh1 Nd7 13. Re1 c5 14. Rxe2 Qxc4 15. Ne5 Nxe5 16. Rxe5 b6 17. Qf3 Rb8
18. Qg3 O-O 19. Rxc5 bxc5 20. Qxb8 $11 {Popov,V-Burmakin,V/Sankt_Peterburg 1996
}) 10... Qd4 11. Ba3 Nf4 12. O-O e5 (12... Nd7 13. Bf3 Ne5 14. Re1 f5 15. Qb3
Ned3 (15... Nfd3 $1 16. Re2 $13) 16. Re3 Nxf2 17. Kxf2 Qxd2+ 18. Kg1 Kf7 19.
Rd1 Qa5 20. Bd6 Ng6 21. c5 $40 {Maksimenko,A-Krasenkov,M/Aalborg 1995}) 13. Re1
Bf5 $146 {Diese Neuerung ist noch kein Fehler, obwohl mir 13...Be6 besser
gefällt.} (13... Be6 14. Qb3 Qb6 15. Ne4 (15. Qg3 f6 16. Qxg7 Nh3+ $1 17. gxh3
Rg8 18. Bh5+ Kd8 19. Qxg8+ Bxg8 20. Rad1 $44) 15... Qxb3 16. axb3 Nd7 17. Nd6+
Kd8 18. Nxb7+ Kc7 19. Nc5 Nxc5 20. Bxc5 Rhd8 $11 {Pliester,L-Bagirov,V/Haarlem
1996}) 14. Qb3 Qb6 $2 {Die Stellung ist scharf, und ein einziger falscher
Schritt kann leicht katastrophale Folgen haben, vor allem für Schwarz, dessen
König stets in Gefahr schwebt.} ({Notwendig war} 14... Nd7 15. Rad1 $44) 15.
Qg3 $16 {, und plötzlich bricht die schwarze Verteidigung zusammen.} Nd7 $2 {
Schwarz vermisst schmerzlich die Antwort 15...f6, die bei seinem Läufer auf e6
möglich war.} (15... Ng6 16. Bh5 f6 (16... Nd7 $2 17. Qg5 $18) 17. Rxe5+ fxe5
18. Qxe5+ $16) (15... Bg6 16. Bg4 $18) (15... g6 16. Bg4 Bxg4 17. Qxf4 $18) 16.
Qg5 1-0

[Event "Moscow Aeroflot op"]
[Site "Moscow"]
[Date "2002.02.06"]
[Round "3"]
[White "Volkov, Sergey"]
[Black "Geller, Jakov"]
[Result "1-0"]
[WhiteElo "2567"]
[BlackElo "2417"]
[Annotator "Dautov,R"]
[PlyCount "41"]
[EventDate "2002.02.04"]
[EventType "swiss"]
[EventRounds "9"]
[EventCountry "RUS"]
[SourceTitle "CBM 088"]
[Source "ChessBase"]
[SourceDate "2002.03.21"]
[SourceVersion "1"]
[SourceVersionDate "2002.03.21"]
[SourceQuality "1"]

1. d4 d5 2. c4 e6 3. Nc3 c6 4. e4 dxe4 5. Nxe4 Bb4+ 6. Bd2 Qxd4 7. Bxb4 Qxe4+
8. Be2 Na6 9. Ba5 b6 $1 {Wahrscheinlich die beste Reaktion auf den Ausfall des
weißen Läufers. Schwarz läßt sich zur "Schwäche" c6 provozieren und nutzt den
Zwischenzug b7-b6 für die zügige Entwicklung seines Damenflügels. Gut spielbar
sind allerdings auch die anderen Fortsetzungen 9...Bd7 und 9...f6.} 10. Qd6 ({
Oder} 10. Bc3 Bb7 $1 11. Qd2 (11. Bxg7 Qxg2 12. Qd4 c5 $17) 11... Rd8 12. Qg5
Ne7 13. Nf3 c5 (13... Ng6 $17) 14. Qxg7 Rg8 15. Qf6 Rxg2 16. Ne5 Qf5 17. Qxf5
Nxf5 $17 {Turov,M-Potkin,V/Moscow 2002}) 10... bxa5 $4 {Nach diesem groben
Fehler verliert Schwarz die Qualität ohne ausreichende Kompensation und kann
die Partie nicht retten.} ({Ebenfalls schlecht ist} 10... Bb7 $2 11. O-O-O $36)
({Korrekt war} 10... Bd7 $1 11. Bc3 (11. O-O-O O-O-O 12. Bc3 Nf6 13. Qa3 Kb7
14. Qe7 Kc8 15. Qxf7 $2 e5 16. Bf3 Qf4+ 17. Bd2 Qf5 18. Ne2 Nc5 19. Ng3 Nd3+
20. Kb1 Nxf2+ 21. Nxf5 Bxf5+ 22. Kc1 Rd7 $17 {Ivanov,S-Vul,A/Cappelle la
Grande 1996}) 11... f6 12. O-O-O O-O-O {In der Theorie gilt diese Stellung
ohne den eingeschobenen Zug b7-b6 als gut für Schwarz. Es ist fraglich, ob
Weiß die vermeintliche Schwäche c6 ausnutzen kann.} 13. b3 $2 ({Besser ist} 13.
Qg3) 13... Qxg2 14. Bf3 Qg5+ 15. Kb2 Qc5 16. Qg3 Ne7 17. Qxg7 Nf5 18. Qxf6 Rhf8
19. Qg5 Qxf2+ 20. Rd2 Qe3 $17 {Van Wely,L-Shirov,A/Monaco 2002}) 11. Rd1 f6 12.
f3 $18 Qe5 (12... Qg6 13. Qxc6+ Kf7 14. Qxa8 Qxg2 15. Qxc8 Qxh1 16. Kf1 $18)
13. Qxc6+ Kf7 14. Qxa8 Ne7 15. Qxa7 Qxb2 16. Nh3 Qxa2 17. Nf2 $1 Nb4 18. Ne4
Nbc6 19. Nd6+ Kg6 20. Qf2 Qa3 21. Qg3+ 1-0

[Event "Linares Anibal op 08th"]
[Site "Linares"]
[Date "2001.01.12"]
[Round "5"]
[White "Milov, Vadim"]
[Black "Burmakin, Vladimir"]
[Result "1-0"]
[WhiteElo "2604"]
[BlackElo "2493"]
[Annotator "Dautov,R"]
[PlyCount "125"]
[EventDate "2001.01.08"]
[EventType "swiss"]
[EventRounds "11"]
[EventCountry "ESP"]
[SourceTitle "CBM 081"]
[Source "ChessBase"]
[SourceDate "2001.03.20"]
[SourceVersion "1"]
[SourceVersionDate "2001.03.20"]
[SourceQuality "1"]

1. d4 {Milov,V} d5 2. c4 e6 3. Nc3 Be7 4. cxd5 exd5 5. Bf4 c6 6. e3 Bd6 {
Diese Variante gilt als ziemlich passiv. Schwarz tauscht früher oder später
die Läufer auf g3 und wird auf dem Königsflügel unter Druck gesetzt.} (6... Bf5
7. g4) (6... Nf6 7. Bd3) 7. Bg3 Bf5 ({Etwas flexibler ist} 7... Ne7 {wonach
Schwarz später entscheiden will, welche Leichtfigur nach f5 ziehen wird.} 8.
Bd3 (8. Nf3) 8... Bf5 9. Nf3 Bxg3 10. hxg3 Nd7 11. Qc2 Bxd3 12. Qxd3 h6 13.
O-O-O Qc7 14. Kb1 O-O-O 15. Rc1 a6 16. Na4 $14 {Cebalo,M-Abramovic,B/Novi Sad
1985}) 8. Qb3 Bxg3 9. hxg3 Qb6 10. Be2 $5 $146 {'!?' Milov,V. Weiß plant g3-g4.
} (10. Nf3 Nd7 (10... h6 $5) 11. Nh4 Qxb3 12. axb3 Be6 13. b4 Ne7 14. Bd3 O-O
15. b5 h6 16. Kd2 c5 17. Ra5 b6 18. Ra3 $14 {Knaak,R-Boensch,U/Leipzig 1983})
10... Na6 (10... Nf6 11. f3 {/\g4}) 11. g4 Bg6 (11... Be6 12. Nh3 $14) 12. Nf3
Nb4 (12... Qxb3 13. axb3 Nb4 14. Kd2 $14) 13. Rc1 $1 (13. O-O Nd3 $11) 13...
Nd3+ (13... Bd3 14. Ne5 (14. Nxd5 {Milov,V}) 14... Bxe2 15. Nxe2 Ne7 16. a3 Na6
17. Qc2 $14) (13... Nc2+ {Milov,V} 14. Kd2 Qxb3 15. axb3 Nb4 16. Ra1 {/\Ra4} a5
17. Na2 $1 (17. Ne5 Ne7) 17... Na6 18. b4 $16) 14. Bxd3 Qxb3 (14... Bxd3 15.
Ne5 Ba6 16. Ne4 $1 (16. Qxb6 {Milov,V} axb6 17. Na4 (17. a3 Ne7 18. g5 $14)
17... Bb5 18. Nxb6 Rxa2 19. Nc8 Nf6 20. Nd6+ Ke7 21. Nxb5 cxb5 22. g5 Nd7 23.
Nd3 $16 (23. Rc7 Ra1+ 24. Ke2 Rxh1 25. Rxd7+ Ke6 26. Rxb7 $36)) 16... Qxb3 17.
Nd6+ Ke7 18. axb3 Nh6 19. g5 $14) 15. axb3 Bxd3 16. Ne5 {'+/-' Milov,V.} Ba6
17. Na4 $14 {Ein für diese Variante typisches Endspiel ist entstanden. Weiß
steht eindeutig aktiver und wird versuchen, den Druck auf dem Königsflügel zu
verstärken. Schwarz dagegen hat kein Gegenspiel und kann nur auf die
Festigkeit seiner Stellung hoffen.} (17. Kd2 {Milov,V} Ne7 18. g5 f6 19. gxf6
gxf6 20. Nd3 Bxd3 21. Kxd3 Kf7 22. Rh5 $16 {/\Rch1}) 17... Bb5 18. Nc5 Rb8 (
18... b6 $2 19. Nb7 $1 Ke7 20. Nd6 $1 $16 {'+-' Milov,V.}) 19. Kd2 {'?' Milov,
V.} (19. Ra1 $1 {Milov,V} a6 (19... b6 20. Rxa7 $1 bxc5 21. Nxf7 $18) 20. Kd2
Ne7 21. g5 $22 $18) 19... Ne7 20. g5 $1 {><h7} b6 21. Ncd3 f6 {Dies schwächt
den schwarzen Königsflügel, läßt sich aber wegen der drohenden Verdopplung der
weißen Türme in der h-Linie kaum vermeiden.} 22. gxf6 gxf6 23. Ng4 (23. Nf3 $5
{Milov,V}) 23... Bxd3 24. Kxd3 Kf7 25. Rh6 (25. Nh6+ $5 {Milov,V} Ke6 (25...
Kg6 26. Rh4) 26. g4) 25... Kg7 26. Rch1 (26. Rxf6 {Milov,V} h5 27. Re6 Kf7 28.
Rxe7+ Kxe7 29. Ne5 Rbg8 $8 30. g3 h4 $13) 26... Rbf8 (26... a5 {Milov,V} 27.
Nxf6 Nf5 28. Rxh7+ Rxh7 29. Nxh7 Rh8 30. Rh5 Nd6 31. Nf6 $18) 27. R6h5 {
'?!' Milov,V.} (27. b4 $16 {Milov,V}) 27... a5 28. R1h3 {'?!' Milov,V.} (28. f3
{Milov,V} c5 29. Nf2 Nc6 30. Nd1 $16) 28... Kg6 29. f3 {Bereitet e3-e4 vor.} c5
{><d5 Schwarz ist praktisch erzwungen, zu Gegenmaßnahmen zu greifen, schwächt
damit aber weiter seine Stellung.} 30. Nf2 $1 {/\Nd1-c3} Nc6 31. Nd1 (31. dxc5
{Milov,V} bxc5 32. Ke2 Rb8 33. Rxd5 Rxb3 $132) 31... cxd4 32. exd4 Nb4+ 33. Kd2
Nc6 (33... Rc8 {Milov,V} 34. Ne3) 34. R5h4 (34. Rxd5 $2 Rd8 $11) 34... h6 35.
Nc3 Ne7 $2 {Diese Ungenauigkeit führt zum Materialverlust.} (35... Rd8 $1 36.
Ne2 Rd6 37. Nf4+ Kg7 $14 {war vonnöten.}) 36. Ne2 $1 $16 {Nun ist Schwarz
nicht imstande, seine beiden Bauernschwächen zu verteidigen.} Nf5 {'?' Milov,V.
} (36... Kg7 37. Nf4 Rc8 38. Rh5 f5 39. g4 $16) (36... Re8 {Milov,V} 37. Nf4+
Kg7 $16) 37. Rh5 Ne7 38. Nf4+ Kf7 39. Rxh6 Rxh6 40. Rxh6 Rg8 41. g4 (41. Rh1 $1
{Milov,V}) 41... f5 42. Nd3 $18 fxg4 43. fxg4 Ng6 44. Rh7+ Kf6 45. Rb7 Kg5 46.
Rxb6 Nf4 47. Rb5 Kxg4 48. Rxa5 Rd8 49. b4 Ne6 50. b5 Rb8 51. Kc3 Kf3 52. b6
Rxb6 53. Rxd5 Rc6+ 54. Nc5 Nc7 55. Rd7 Nb5+ 56. Kc4 Rb6 57. Na4 Rb8 58. d5 Ke4
59. Re7+ Kf5 60. Kc5 Kf6 61. Rd7 Ke5 62. Nb6 Nd4 63. Nc4+ 1-0

[Event "Enghien les Bains 4th"]
[Site "Enghien les Bains"]
[Date "2001.04.16"]
[Round "5"]
[White "Bacrot, Etienne"]
[Black "Fressinet, Laurent"]
[Result "1/2-1/2"]
[WhiteElo "2627"]
[BlackElo "2575"]
[Annotator "Dautov,R"]
[PlyCount "58"]
[EventDate "2001.04.11"]
[EventType "tourn"]
[EventRounds "9"]
[EventCountry "FRA"]
[EventCategory "17"]
[SourceTitle "CBM 083"]
[Source "ChessBase"]
[SourceDate "2001.07.05"]
[SourceVersion "1"]
[SourceVersionDate "2001.07.05"]
[SourceQuality "1"]

1. d4 d5 2. c4 e6 3. Nf3 c6 4. Nc3 dxc4 5. a4 Bb4 6. e3 b5 7. Bd2 Qe7 {Diese
Fortsetzung gilt in der Theorie als zweifelhaft, dennoch ist nicht alles so
klar wie es in manchen Büchern steht.} (7... a5 8. axb5 Bxc3 9. Bxc3 cxb5) 8.
axb5 Bxc3 9. Bxc3 cxb5 10. d5 Nf6 11. d6 $1 ({Die von der jugoslawischen
Schachenzyklopädie (3.Ausgabe) empfohlene Fortsetzung} 11. dxe6 $2 {scheint
nichts zu taugen wegen} Bxe6 $1 12. Nd4 Bd7 13. Qf3 Ne4 $17 {, und Schwarz
behält einen gesunden Mehrbauern.}) 11... Qb7 12. b3 ({Interessant ist} 12.
Bxf6 $5 gxf6 13. Be2 a6 14. b3 cxb3 15. Qxb3 $44 e5 16. O-O Be6 17. Qb4 Nd7 18.
Rfc1 O-O 19. Bd3 Rfc8 $2 20. Be4 $16 {Beliavsky,A-Feygin,M/BL 2001}) 12... Nbd7
(12... O-O 13. Bxf6 gxf6 14. Qd4 e5 15. Qh4 Kg7 16. bxc4 bxc4 17. Bxc4 Qb4+ 18.
Nd2 Qxd6 19. O-O f5 20. Rfd1 $44 {Gurevich,M-Malisauskas,V/Lvov 1987}) (12...
Ne4 13. Bxg7 Rg8 14. Be5 Bd7 15. bxc4 bxc4 16. Rb1 Qd5 17. Qc2 $1 (17. Qxd5
exd5 $11 {Fish,G-Feigin,M/Yalta 1996}) 17... Nxd6 (17... Qa5+ 18. Nd2 Nxd2 19.
Bc3 $16) 18. Bxd6 Qxd6 19. Qxh7 Kf8 20. Bxc4 Rxg2 21. Ke2 {/\ Rhd1+/--> 
(Feigin)}) (12... cxb3 13. Qxb3 $44) 13. bxc4 b4 (13... bxc4 14. Bxc4 Qc6 15.
Qd3 $1 Nc5 16. Qd4 O-O 17. O-O $16) 14. Bd4 a5 $1 $146 {Dieser neue Zug ist
deutlich besser als das früher gespielte 14...0-0.} (14... O-O $2 15. Ra5 $16)
15. Qa4 $2 ({Besser war m.E.} 15. c5 $1 O-O 16. Rc1 Qc6 17. Bxf6 Nxf6 18. Nd4
Qd5 19. Be2 $16) 15... O-O 16. c5 ({Sehr unklar ist} 16. Rc1 Nb8 $1 17. Bxf6
gxf6 18. c5 Bd7 19. Qa1 e5 {, die schwarzen Freibauern sind sehr mobil.}) 16...
Qd5 $1 17. c6 e5 $1 {Auf diese Weise kann Schwarz einen der gefährlichen
weißen Freibauern gegen seinen e-Bauern tauschen.} 18. Bb2 Nc5 19. Qd1 Qxc6 20.
Nxe5 Qb6 21. Nc4 Qd8 22. Bd4 Nfd7 $15 23. Be2 Bb7 24. O-O a4 $17 25. Qd2 Rb8 (
25... Qg5 $5 26. f3 Rfb8 $17) 26. Qe1 Bc6 27. Rb1 Nb3 (27... b3 $5 $17) 28.
Rxb3 axb3 29. f3 Qg5 {Der Remisschluß kommt eindeutig zu früh, wahrscheinlich
befand sich Schwarz in Zeitnot. Sein großer Vorteil ist offensichtlich.} (29...
Qg5 30. Qb1 Rfc8 $5 31. Qxb3 Nc5 $17) 1/2-1/2

[Event "Olympiad-34"]
[Site "Istanbul"]
[Date "2000.11.08"]
[Round "11.1"]
[White "Van Wely, Loek"]
[Black "Krasenkow, Michal"]
[Result "1-0"]
[WhiteElo "2643"]
[BlackElo "2702"]
[Annotator "Dautov,R"]
[PlyCount "65"]
[EventDate "2000.10.28"]
[EventType "team-swiss"]
[EventRounds "14"]
[EventCountry "TUR"]
[SourceTitle "EXT 2001"]
[Source "ChessBase"]
[SourceDate "2000.11.22"]
[SourceVersion "1"]
[SourceVersionDate "2000.11.22"]
[SourceQuality "1"]
[WhiteTeam "Netherlands"]
[BlackTeam "Poland"]
[WhiteTeamCountry "NED"]
[BlackTeamCountry "POL"]

1. d4 {Ftacnik} d5 2. c4 e6 3. Nc3 c6 4. e4 dxe4 5. Nxe4 Bb4+ 6. Bd2 Qxd4 7.
Bxb4 Qxe4+ 8. Be2 Na6 9. Ba5 f6 {Ftacnik: 'Krasenkow somewhat provocatively
hints at the fact, that white's attack doesn't offer real chances for success.
'} (9... Bd7) (9... b6) 10. Qd8+ Kf7 11. O-O-O $146 {Eine interessante
Neuerung. Weiß entwickelt seinen Springer erst später und läßt sich die Option
Be2-h5 offen. Es ist nicht leicht, die entstehenden Stellungen einzuschätzen,
sie sind sehr komplex.} ({Nach} 11. Nf3 b6 12. Bc3 {kommt Schwarz in Vorteil:}
Nc5 $1 (12... Bb7 13. Qd7+ Ne7 14. Qxb7 Nc5 15. Qc7 Rhc8 16. Qg3 Nf5 17. Ng5+
fxg5 18. Qxg5 Nd3+ 19. Kf1 Kg8 $11 {Hodgson,J-Haslinger,S/Scarborough 1999})
13. Nd2 (13. Rd1 Bb7 14. Rd7+ Kg6 $19 {Miton,K-Markowski,T/Cappelle la Grande
1999}) 13... Qg6 14. b4 Ne7 15. Qxh8 Nd3+ 16. Kf1 Nf4 $17 {Abdulla,A-Barua,D/
Teheran 1998}) 11... b6 (11... Qxg2 {Ftacnik} 12. Nf3 Qg6 13. Rhg1 Qf5 14. Rg5
$1 Qe4 (14... fxg5 15. Nxg5+ $18) 15. Rdg1 g6 16. Re5 $18) 12. Bc3 e5 (12...
Qxg2 {Ftacnik} 13. Bh5+ g6 14. Bf3 Qxf2 15. Bxc6 $40) 13. Bh5+ g6 14. Bf3 Qf4+
$2 {Dieses überflüssige Schach ermöglicht Weiß die schnelle Verdopplung der
Türme auf der d-Linie. Vorzuziehen war 14...Qxc4.} (14... Qxc4 $1 {Von der
Einschätzung dieser kritischen Stellung hängt die Beurteilung Van Welys
Neuerung ab. Es sieht so aus, als ob sich Schwarz erfolgreich verteidigen
könnte:} 15. Ne2 (15. Rd6 Rb8 $5 16. Rxc6 Qf1+ 17. Kd2 Be6 18. Rc7+ Nxc7 19.
Qxb8 Nd5 $17) 15... Rb8 $1 {/\Be6 '!?' Ftacnik.} (15... Qxa2 $2 {Ftacnik} 16.
Bxc6 $18)) 15. Rd2 Qxc4 (15... Rb8 {Ftacnik} 16. Bxc6 Be6 17. Qd3 $15) 16. Ne2
Qxa2 $2 {Die Entfernung der schwarzen Dame von der vierten Reihe und der damit
verbundene Tempoverlust bringen den Nachziehenden in ernsthafte Gefahr.} ({
Richtig war} 16... Rb8 $1 {Ich sehe nicht Besseres für Weiß als Dauerschach:}
17. Rhd1 (17. b3 Qc5 18. Rhd1 Bf5 19. Rd7+ Ne7 $19) 17... Bf5 18. Rd7+ Bxd7 19.
Rxd7+ Ke6 20. Rd6+ Kf7 21. Rd7+ $11 (21. Qd7+ $2 Kf8 22. Rxc6 Qf7 23. Qd6+ Kg7
$17)) 17. Rd6 Rb8 (17... Qa1+ 18. Kd2 Qxh1 19. Bxc6 $16 {Außer Bxa8 droht es
Bd5+ nebst Bxg8}) (17... Nc5 18. Qc7+ Ne7 19. Rxf6+ Kxf6 20. Qxe5+ Kf7 21. Qf6+
$18) 18. Rhd1 Be6 $2 {Ftacnik: 'Black managed to grab three pawns, but his
position is still an example of play with the fire. The mistake of this
magnitute will cost black's king his life, even though Van Wely repeated the
moves to make sure the correct solutions is final.' Das verliert forciert.
Dabei konnte Schwarz nach 18...Kg7! noch Widerstand leisten.} (18... Kg7 19.
Rxc6 Bf5 (19... Bg4 {Ftacnik} 20. Qd3 Bxf3 21. Qxf3 Qf7 $17) 20. Qd6 $40) (
18... Qa1+ {Ftacnik} 19. Kd2 Qa2 20. Ke1 $1 $40) 19. Rd7+ Bxd7 20. Rxd7+ Ke6
21. Rd6+ Kf7 22. Rd7+ Ke6 23. Bg4+ f5 24. Rd6+ Kf7 25. Rd7+ Ke6 26. Nf4+ $1
exf4 27. Rd6+ Kf7 28. Rd7+ Ke6 29. Rd6+ Kf7 30. Qd7+ Ne7 31. Rf6+ Kg7 (31...
Kg8 32. Qxe7 $18) 32. Qxe7+ Kh6 33. Rxg6+ $1 1-0

[Event "FIDE-Wch k.o."]
[Site "New Delhi/Teheran"]
[Date "2000.11.30"]
[Round "2.1"]
[White "Kasimdzhanov, Rustam"]
[Black "Tregubov, Pavel V"]
[Result "1-0"]
[WhiteElo "2690"]
[BlackElo "2620"]
[Annotator "Dautov,R"]
[PlyCount "59"]
[EventDate "2000.11.27"]
[EventType "k.o."]
[EventRounds "7"]
[EventCountry "IND"]
[SourceTitle "CBM 081"]
[Source "ChessBase"]
[SourceDate "2001.03.20"]
[SourceVersion "1"]
[SourceVersionDate "2001.03.20"]
[SourceQuality "1"]

1. d4 d5 2. c4 e6 3. Nc3 c6 4. e3 Bd6 5. Bd2 $5 {Dieser Zug ist mit Sicherheit
nicht der beste in der Stellung, erfüllt aber den Zweck, das System mit 4...
Bd6, 5...f5 auf eine neue Art und Weise zu bekämpfen. P.Tregubov spielt gerne
und mit Erfolg dieses System, und auch die Ideen mit g2-g4 kamen in seinen
Partien schon vor, nicht aber in der Textzugreihenfolge.} ({Häufig wird} 5. Bd3
f5 6. g4 Nf6 {gespielt, z.B,} 7. gxf5 exf5 8. cxd5 cxd5 9. Qb3 Nc6 $13 {
Dreev-Sherbakov/Elista/1996}) 5... f5 (5... Nf6 $1 {wäre eine gute Reaktion
auf 5.Bd2.}) 6. g4 $1 fxg4 $2 {Dies sieht sehr fragwürdig aus, Weiß kommt
mühelos zu einem gefährlichen Angriff. Aber die Alternativen überließen Weiß
jedenfalls viele aussichtsreiche Möglichkeiten. Es ist sogar nicht
auszuschließen, daß 5...f5 mit einem Fragezeichen versehen werden sollte.} (
6... Nh6 7. h3 Nd7 (7... O-O 8. Qc2 Qe7 9. O-O-O dxc4 10. Bxc4 b5 11. Be2 Bb7
12. Nf3 Nd7 13. e4 b4 14. Na4 fxe4 15. Qxe4 Nf7 $13 {Kempinski,R-Markowski,T/
Polanica Zdroj 1999}) 8. Qe2 Qe7 9. O-O-O Rb8 10. Kb1 a5 11. Rc1 Bb4 12. a3 Bd6
13. Bg2 b6 14. cxd5 exd5 15. f3 Ra8 16. e4 $36 {Volkov,S-Yashtylov,A/Moscow
1998}) (6... Nf6 $2 {ist hier im Gegensatz zu der Variante 5.Bd3 f5 6.g4 nicht
spielbar:} 7. gxf5 exf5 8. cxd5 cxd5 9. Qb3 $16 {, und nach dem folgenden
Bf1-g2 wird Schwarz einen Bauern abgeben müssen.}) 7. Qxg4 Qe7 8. O-O-O Nf6 9.
Qg2 {Ein äußerst effektives Damenfianchetto!} O-O 10. Nf3 Nbd7 11. Rg1 Kh8 12.
Bd3 dxc4 (12... e5 $2 13. cxd5 cxd5 14. Nh4 $1 {/\Nf5} Nb6 15. dxe5 Bxe5 16.
Bxh7 $1 $18) 13. Bxc4 e5 (13... b5 $2 14. Bxe6) 14. Bd3 $16 {Weiß droht erneut
Nf3-h4, aber nicht nur das...} Re8 15. Ng5 $1 (15. Nh4 Nf8 $14) 15... Nf8 16.
Bc4 $1 $18 {Der Läufer kehrt mit entscheidendem Erfolg zurück, und Schwarz
wird buchstäblich auseinandergenommen.} g6 17. Nf7+ Kg7 18. dxe5 Bxe5 19. e4 $1
{/\Bh6} Bxc3 20. Bxc3 Be6 21. Nd6 Red8 22. Qg5 Rd7 23. Bxe6 Qxe6 (23... Nxe6 $2
24. Nf5+ Kf7 25. Qxf6+ Qxf6 26. Rxd7+ $18) 24. Nf5+ Kf7 25. Nh6+ Ke8 (25... Kg7
26. Ng4 $18) 26. Qxf6 Qxa2 27. Rxd7 Nxd7 28. Qh8+ Nf8 29. Qe5+ Ne6 30. Rd1 1-0